01831 2200757 4500001002100000005001500021035002000036007000300056008004100059020002200100082001500122084002100137245016600158250001600324300003300340500001900373500002200392650001000414650001300424700002700437264003000464336002100494337003000515338002300545100002500568990001200593990001200605990001200617990001200629990001200641990001200653990001200665990001200677990001200689990001200701990001200713990001200725990001200737990001200749990001200761990001200773990001200785990001200797990001200809990001200821990001200833990001200845990001200857990001200869990001200881990001200893990001200905990001200917990001200929990001200941990001200953990001200965990001200977990001200989990001201001990001201013990001201025990001201037990001201049990001201061INLIS00000000000023520231024082756 a0010-1023000016ta231024 0 ind  a978-979-29-9990-7 a629.250 71 a629.250 71 FUR p1 aPemeliharaan Kelistrikan Kendaraan Ringan SMK/MAK Kelas XI :bProgram Keahliah Teknik Otomotif: Kompetensi Keahlian Teknik Kendaraan Ringan Otomotif /cZ. Furqon acet 1 ed. 2 aix, 222 hlm :bilus ;c25 cm aKurikulum 2013 aEdisi Revisi 2017 4aMesin 4aOtomotif0 aJoko PramonoeKomposer aYogyakarta :bAndi,c2017 2rdacontentateks 2rdamediaatanpa perantara 2rdacarrieravolume0 aFurqon, ZePengarang a21.0041 a21.0042 a21.0043 a21.0044 a21.0045 a21.0046 a21.0047 a21.0048 a21.0049 a21.0050 a21.0051 a21.0052 a21.0053 a21.0054 a21.0055 a21.0056 a21.0057 a21.0058 a21.0059 a21.0060 a21.0061 a21.0062 a21.0063 a21.0064 a21.0065 a21.0066 a21.0067 a21.0068 a21.0069 a21.0070 a21.0071 a21.0072 a21.0073 a21.0074 a21.0075 a21.0076 a21.0077 a21.0078 a21.0079 a21.0080